000
00243nam a22000857a 4500
008
130411b xxu||||| |||| 00| 0 eng d
020
_c
Avalable
245
_a
Inside Network Perimeter Security
_c
Northcutt, Stephen.
260
_a
India
_b
Pearson India
_c
2002
999
_c
23352
_d
23352